|
|
|
|
| LEADER |
01030nam a22002657a 4500 |
| 001 |
41213 |
| 003 |
BD-DhAAL |
| 005 |
20230518140925.0 |
| 008 |
230518t2004 ko ||||| |||| 00| 0 kor d |
| 020 |
|
|
|a 9788991058088
|
| 020 |
|
|
|a 8991058086
|
| 040 |
|
|
|a BD-DhAAL
|d BD-DhAAL
|
| 082 |
|
|
|2 23
|a 658.301
|
| 100 |
|
|
|a Hyunho, Shin.
|9 54278
|
| 245 |
|
|
|a A habit revolution that awakens planning power /
|c Shin Hyunho and Koizumi Juzo.
|
| 260 |
|
|
|a Seoul, Korean :
|b Parabooks,
|c 2004.
|
| 300 |
|
|
|a 231 pages :
|c 22 cm.
|
| 541 |
|
|
|a Complimentary copy from Dr. Sang Hoon Lee, Dean of Brac Business School, Brac University
|e 41213
|
| 650 |
|
|
|a Manpower planning.
|
| 650 |
|
|
|a Personnel management.
|
| 700 |
|
|
|a Juzo, Koizumi.
|9 54279
|
| 852 |
|
|
|a Ayesha Abed Library
|c General Stacks
|
| 942 |
|
|
|2 ddc
|c BK
|
| 999 |
|
|
|c 45773
|d 45773
|
| 952 |
|
|
|0 0
|1 0
|2 ddc
|4 0
|6 658_301000000000000_HYU
|7 0
|9 73652
|a BRACUL
|b BRACUL
|c GEN
|d 2023-05-18
|e Complimentary copy from Dr. Sang Hoon Lee
|l 1
|m 2
|o 658.301 HYU
|p 3010041213
|r 2024-05-23
|s 2024-05-04
|t 1
|w 2023-05-18
|y BK
|